| 000 | 00885cam a2200253 a 4500 | ||
|---|---|---|---|
| 001 | 0000006067 | ||
| 005 | 20170406121215.0 | ||
| 008 | 960925s1997 sw b 000 0 eng | ||
| 010 | _a 96045029 | ||
| 020 | _a1570751072 (alk. paper) | ||
| 035 | _9(DLC) 96045029 | ||
| 040 |
_aDLC _cDLC _dDLC |
||
| 050 | 0 | 0 |
_aBT736.4 _b.R43 1997 |
| 082 | 0 | 0 |
_a261.8/09 _221 |
| 245 | 0 | 4 |
_aThe reconciliation of peoples : _bchallenge to the churches / _cedited by Gregory Baum, Harold Wells. |
| 260 |
_aGeneva, Switzerland : _bWCC Publications ; _aMaryknoll, N.Y. : _bOrbis Books, _c1997. |
||
| 300 |
_aix, 195 p. ; _c24 cm. |
||
| 504 | _aIncludes bibliographical references. | ||
| 650 | 0 |
_aReconciliation _xReligious aspects _xChristianity. |
|
| 650 | 0 |
_aPeace _xReligious aspects _xChristianity. |
|
| 700 | 1 |
_aBaum, Gregory, _d1923-. |
|
| 700 | 1 | _aWells, Harold. | |
| 908 | _a151112 | ||
| 999 |
_c5824 _d5824 |
||